书目信息 |
| 题名: |
性爱的困惑
|
|
| 作者: | 陈仲舜 | |
| 分册: | ||
| 出版信息: | 天津 天津科学技术出版社 1998.03 |
|
| 页数: | 249页 | |
| 开本: | 32开 | |
| 丛书名: | ||
| 单 册: | ||
| 中图分类: | C913.14 | |
| 科图分类: | ||
| 主题词: | 社会生活 , 社会问题 | |
| 电子资源: | ||
| ISBN: | 7-5308-2437-6 | |
| 000 | 00554nam0 2200205 45 | |
| 001 | 0009271630 | |
| 005 | 20000927160609.4 | |
| 010 | @a7-5308-2437-6@d14.80元 | |
| 100 | @a20000927d1998 km y0chiy0120 ea | |
| 101 | 0 | @achi |
| 105 | @a z 000yy | |
| 200 | 1 | @a性爱的困惑@AXing Ai De Kun Huo@f陈仲舜@FChen Zhong Shun |
| 210 | @a天津@c天津科学技术出版社@d1998.03 | |
| 215 | @a249页@d32开 | |
| 606 | 0 | @a社会生活 |
| 606 | 0 | @a社会问题 |
| 690 | @aC913.14@v3 | |
| 701 | 0 | @a陈仲舜 |
| 801 | @aCN@bPftUser@c20000927 | |
| 905 | @b155992-999@dC913.14@eZH801@f8 | |
| 性爱的困惑/陈仲舜.-天津:天津科学技术出版社,1998.03 |
| 249页;32开 |
| ISBN 7-5308-2437-6:14.80元 |
| ● |
| 相关链接 |
|
|
|
正题名:性爱的困惑
索取号:C913.14/ZH801
 
预约/预借
| 序号 | 登录号 | 条形码 | 馆藏地/架位号 | 状态 | 备注 |
| 1 | 155992 | 201559928 | 社科库509/509社科库 61排4列6层/ [索取号:C913.14/ZH801] | 在馆 | |
| 2 | 155993 | 201559937 | 社科库509/509社科库 61排4列6层/ [索取号:C913.14/ZH801] | 在馆 | |
| 3 | 155994 | 201559946 | 社科库509/509社科库 61排4列6层/ [索取号:C913.14/ZH801] | 在馆 | |
| 4 | 155995 | 201559955 | 社科库509/509社科库 61排4列6层/ [索取号:C913.14/ZH801] | 在馆 | |
| 5 | 155996 | 201559964 | 社科库509/509社科库 61排4列6层/ [索取号:C913.14/ZH801] | 在馆 | |
| 6 | 155997 | 201559973 | 社科库509/509社科库 61排4列6层/ [索取号:C913.14/ZH801] | 在馆 | |
| 7 | 155998 | 201559982 | 社科库509/509社科库 61排4列6层/ [索取号:C913.14/ZH801] | 在馆 | |
| 8 | 155999 | 201559991 | 社科库509/509社科库 61排4列6层/ [索取号:C913.14/ZH801] | 在馆 |